000 00856nam a2200241Ia 4500
003 OSt
005 20220923224256.0
006 a|||||r|||| 00| 0
007 ta
008 220922b |||||||| |||| 00| 0 hin d
024 _a230,422
037 _cTextual
040 _aARTS
_cARTS
_bhin
041 _2hin
_ahin
082 _aO152:g, P6-;1
100 _aद्वारिका प्रसाद 'चारूमित्र'
245 0 _aसाहित्य समीक्षा और इतिहास बोध
246 _aSāhitya samīkṣhā aur itihās bodha
260 _aदिल्ली
_b स्वराज प्रकाशन
_c2006
300 _a133पृ.
_ccm.
942 _hO152:g, P6-;1
_cTEXL
_2CC
999 _c370321
_d370321